Ariana Grande songs by album - Statistics

General Stats
  • This quiz has been taken 349 times
  • The average score is 36 of 49
Answer Stats
Ariana Grande Answer % Correct
Jason's Song (Gave It Away)
95%
My Everything (Japanese Bonus) Cadillac Song
94%
Dangerous Woman (Target Exclusive) Step On Up
94%
Dangerous Woman
93%
Too Close
93%
Problem
88%
The Way
85%
The Way (Spanglish Version)
85%
Baby I
84%
Baby I
84%
My Everything
84%
Side To Side
84%
Break Free
83%
Into You
81%
One Last Time
81%
YOURS TRULY Honeymoon Avenue
79%
Love Me Harder
79%
DANGEROUS WOMAN Moonlight
79%
Everyday
76%
Greedy
76%
Piano
75%
Right There
74%
Touch It
74%
Be Alright
72%
Let Me Love You
72%
Tattooed Heart
72%
Break Your Heart Right Back
71%
Leave Me Lonely
70%
My Everything (Deluxe) Bang Bang
69%
Best Mistake
69%
MY EVERYTHING Intro
69%
Thinkin Bout You
69%
Knew Better/Forever Boy
68%
Sometimes
68%
Daydreamin
67%
Just A Little Bit Of Your Heart
67%
Popular Song
67%
Almost Is Never Enough
66%
Hands On Me
66%
You'll Never Know
66%
Dangerous Woman (Deluxe) Bad Decisions
65%
Be My Baby
63%
Better Left Unsaid
63%
I Don't Care
63%
Dangerous Woman (Japanese Bonus) Focus
62%
Lovin It
62%
Why Try
62%
Only 1
60%
You Don't Know Me
59%
No matching quizzes found
Score Distribution
Percent of People with Each Score
Percentile by Number Answered
Your Score History
You have not taken this quiz